Δήμοι της Δυτικής Μακεδονίας με Χάρτη - Statistics

General Stats
  • This quiz has been taken 12 times
  • The average score is 8 of 13
Answers on the Map
Answers color-coded by a green-red scale on the quiz's map according to % correct below.
 
Answer Stats
Δήμος % Correct
Καστοριάς
100%
Φλώρινας
100%
Γρεβενών
89%
Κοζάνης
89%
Αμυνταίου
67%
Δεσκάτης
56%
Πρεσπών
56%
Άργους Ορεστικού
44%
Βοΐου
44%
Εορδαίας
44%
Σερβίων
33%
Βελβεντού
22%
Νεστορίου
22%
No matching quizzes found
Score Distribution
Percent of People with Each Score
Percentile by Number Answered
Your Score History
You have not taken this quiz